Long Novels 📖 - Statistics

General Stats
  • This quiz has been taken 552 times
    27 since last reset
  • The average score is 9 of 17
Answer Stats
Words Year Author Novel % Correct
590,000 1865 Leo Tolstoy War and Peace
96%
460,000 1954 J. R. R. Tolkien The Lord of the Rings
89%
420,000 1936 Margaret Mitchell Gone with the Wind
74%
440,000 1986 Stephen King It
70%
530,000 1862 Victor Hugo Les Misérables
70%
260,000 2003 J.K. Rowling Harry Potter and the Order of the Phoenix
63%
320,000 1871 George Eliot Middlemarch
63%
360,000 1880 Fyodor Dostoyevsky The Brothers Karamazov
59%
310,000 1943 Ayn Rand The Fountainhead
56%
570,000 1957 Ayn Rand Atlas Shrugged
52%
1,270,000 1913 Marcel Proust In Search of Lost Time
48%
480,000 1996 David Foster Wallace Infinite Jest
44%
470,000 1978 Stephen King The Stand
37%
970,000 1748 Samuel Richardson {Clarissa}, or, the History of a Young Lady
26%
600,000 1993 Vikram Seth A Suitable Boy
19%
600,000 2016 Alan Moore Jerusalem
4%
530,000 1948 Carl Sandburg Remembrance {Rock}
4%
No matching quizzes found
Score Distribution
Percent of People with Each Score
Percentile by Number Answered
Your Score History
You have not taken this quiz since the last reset